[Event "ch-Central Serbia 2013"]
[Site "Pozarevac SRB"]
[Date "2013.02.22"]
[Round "7.23"]
[White "Gligorijevic,Bojan"]
[Black "Gagic,M"]
[Result "1-0"]
[WhiteElo "1866"]
[BlackElo "1882"]

1.e4 g6 2.d4 Bg7 3.Nc3 a6 4.Be3 b5 5.a3 Bb7 6.Qd2 d6 7.Nf3 Nd7 8.h4 h5 9.Ng5 c5
10.Rd1 Ngf6 11.e5 dxe5 12.dxe5 Nxe5 13.Qxd8+ Rxd8 14.Rxd8+ Kxd8 15.f4 Ned7
16.Nxf7+ Ke8 17.Nxh8 Bxh8 18.Bd3 Kf7 19.O-O Ng4 20.Bd2 Bd4+ 21.Kh1 Nf2+ 22.Kh2 Nxd3
23.cxd3 Nf6 24.Nd1 e5 25.Bc3 Ke6 26.Kg3 e4 27.Re1 Kf5 28.Ne3+ Bxe3 29.Rxe3 Ng4
30.dxe4+ Bxe4 31.Re2 b4 32.axb4 cxb4 33.Bxb4 Bd3 34.Re8 Kf6 35.Rd8 Bc4 36.Rd6+ Kf7
37.Bc3 Be2 38.f5 gxf5 39.Kf4 Bf1 40.g3 Nf2 41.Rf6+ Ke7 42.Rxf5  1-0

[Event "29th Open"]
[Site "Cappelle la Grande FRA"]
[Date "2013.02.25"]
[Round "3.47"]
[White "Toma,K"]
[Black "Zubarev,Al1"]
[Result "0-1"]
[WhiteElo "2301"]
[BlackElo "2591"]

1.e4 g6 2.d4 Bg7 3.Nc3 a6 4.a4 d6 5.Bc4 Nf6 6.Bb3 O-O 7.Nge2 b6 8.O-O e6
9.h3 Bb7 10.Qd3 c5 11.d5 e5 12.g4 Ne8 13.Ng3 Nd7 14.Nd1 Kh8 15.Kh2 Nc7 16.c4 Rb8
17.Nc3 Qh4 18.Qe3 h6 19.Bd1 Nf6 20.Be2 Bc8 21.Kg2 Nh7 22.Qd3 Bd7 23.Bd2 Rbe8
24.Rab1 a5 25.Rh1 Na6 26.Be1 Nb4 27.Qd1 f5 28.f3 Qe7 29.Bd3 f4 30.Nf1 h5
31.Kf2 Bf6 32.Ke2 Kg7 33.Nb5 Rh8 34.Kd2 Ng5 35.Rh2 hxg4 36.hxg4 Rxh2+ 37.Nxh2 Rh8
38.Nf1 Nxd3 39.Kxd3 Rh3  0-1

[Event "29th ChessOrg Open"]
[Site "Bad Woerishofen GER"]
[Date "2013.03.05"]
[Round "5.19"]
[White "Singer,C"]
[Black "Blaeser,R"]
[Result "1-0"]
[WhiteElo "2356"]
[BlackElo "1961"]

1.e4 g6 2.d4 Bg7 3.Nc3 c5 4.dxc5 Bxc3+ 5.bxc3 Qa5 6.Qd4 Nf6 7.Qb4 Nc6 8.Qxa5 Nxa5
9.Bd3 O-O 10.Ne2 Nc6 11.O-O b6 12.cxb6 axb6 13.Bh6 Re8 14.Rfb1 Ba6 15.Rxb6 Bxd3
16.cxd3 Ne5 17.Nc1 Neg4 18.Bd2 d5 19.f3 Ne5 20.exd5 Red8 21.c4 Rd6 22.Rb3 Rda6
23.Rab1 e6 24.Rb8+ Rxb8 25.Rxb8+ Kg7 26.Bc3 Ned7 27.Rb7  1-0

[Event "Jersey Masters 2013"]
[Site "St Clement Bay JCI"]
[Date "2013.03.07"]
[Round "2"]
[White "Jenks,C"]
[Black "Belzo,K"]
[Result "0-1"]
[WhiteElo "2135"]
[BlackElo "2015"]

1.d4 g6 2.e4 Bg7 3.Nc3 c5 4.d5 d6 5.f4 a6 6.a4 e6 7.Nf3 exd5 8.Nxd5 Ne7 9.Bc4 O-O
10.O-O Nbc6 11.Re1 Bg4 12.h3 Bxf3 13.Qxf3 Nd4 14.Qd3 Rb8 15.a5 Ndc6 16.Nxe7+ Nxe7
17.Ra2 d5 18.exd5 Bd4+ 19.Kh1 Nf5 20.Bd2 Qh4 21.Raa1 Rfe8 22.c3 Bf2 23.Re5 Rxe5
24.fxe5 Ng3+ 25.Kh2 Ne4 26.b3 Qg3+ 27.Kh1 Qxd3 28.Bxd3 Nxd2 29.Rd1 Nxb3 30.e6 fxe6
31.dxe6 Nxa5 32.Be4 Re8 33.Rd7 Bh4 34.Bd5 Re7 35.Rd8+ Kg7 36.Rc8 c4  0-1

[Event "29th ChessOrg Open"]
[Site "Bad Woerishofen GER"]
[Date "2013.03.08"]
[Round "8.54"]
[White "Specht,H"]
[Black "Koch,Harald"]
[Result "0-1"]
[WhiteElo "2019"]
[BlackElo "1879"]

1.e4 Nc6 2.Nc3 g6 3.d4 Bg7 4.Nf3 d6 5.h3 Nf6 6.Be3 O-O 7.Qd2 Re8 8.O-O-O e5
9.dxe5 Nxe5 10.Nxe5 Rxe5 11.Bf4 Nxe4 12.Nxe4 Rxe4 13.f3 Qf6  0-1

[Event "TCh-FIN SM 2012-13"]
[Site "Helsinki FIN"]
[Date "2013.03.08"]
[Round "12.6"]
[White "Jarvenpaa,J"]
[Black "Porrasmaa,T"]
[Result "1-0"]
[WhiteElo "2276"]
[BlackElo "2048"]

1.e4 g6 2.d4 Bg7 3.Nc3 c5 4.d5 d6 5.Be2 Nf6 6.Bg5 a6 7.a4 Qa5 8.Bd2 O-O 9.Ra3 e6
10.Nf3 Qd8 11.dxe6 Bxe6 12.O-O Nc6 13.Bg5 h6 14.Bf4 d5 15.exd5 Nxd5 16.Nxd5 Qxd5
17.Qc1 Kh7 18.Rd1 Qf5 19.Be3 Rfd8 20.Rad3 Rxd3 21.Bxd3 Qh5 22.Be4 Rc8 23.c3 Qg4
24.Qc2 b6 25.Rd6 Na5 26.Rxb6 Nc4 27.Rxa6 Nxe3 28.fxe3 Bc4 29.Ra8 Rxa8 30.Bxa8 Qe6
31.Qe4 Qa6 32.Bd5 Bd3 33.Qe8 Bc4 34.Qxf7 Bxd5 35.Qxd5 Qxa4 36.Qd2 Qe8 37.Kf2 Qe7
38.Qd3 Qb7 39.Qc2 Bf6 40.e4 Qb6 41.e5 c4+ 42.Kf1 Be7 43.Qd2 Qb5 44.Qf4 Qd5
45.Qd2 Qe6 46.Qe2 Qf5 47.Qxc4 Qb1+ 48.Kf2 Qxb2+ 49.Kg3 Kg7 50.Qe6 Qa3 51.h3 Qc5
52.Kh2 Qc7 53.h4 Bd8 54.c4 Be7 55.Qg4 Qc6 56.Nd4 Qxc4 57.Nf5+  1-0

[Event "TCh-AUT 2 West 2012-13"]
[Site "Salzburg AUT"]
[Date "2013.03.09"]
[Round "10.3"]
[White "Neuschmied,S"]
[Black "Dobosz,H"]
[Result "1-0"]
[WhiteElo "2243"]
[BlackElo "2385"]

1.d4 g6 2.e4 Bg7 3.Nc3 d5 4.exd5 Nf6 5.Bc4 Nbd7 6.Nf3 Nb6 7.Bb3 a5 8.a4 Nbxd5
9.Nxd5 Nxd5 10.O-O O-O 11.Re1 Re8 12.Ne5 c6 13.Qf3 Rf8 14.Bd2 Be6 15.Rad1 Nc7
16.c4 Ne8 17.Bc3 Nd6 18.d5 cxd5 19.cxd5 Bf5 20.Re2 Qb6 21.Ba2 Qc7 22.Rde1 Rae8
23.Qf4 Bc8 24.Qd2 b6 25.Rc1 Qb7 26.Nc6 f6 27.Nd4 Bd7 28.Bb3 Rf7 29.Ne6 Rc8
30.Rce1 Be8 31.h3 b5 32.Bxa5 Nc4 33.Bxc4 Rxc4 34.Nd8 Qa8 35.Nxf7 Bxf7 36.Rxe7 Rxa4
37.Bc7 Bf8 38.d6 Bxe7 39.Rxe7 Qc8 40.Qc3 Qf5 41.d7 Ra1+ 42.Kh2 Qxf2 43.d8=Q+ Kg7
44.Rxf7+ Kxf7 45.Qd7+ Kg8 46.Qb3+ Kh8 47.Qe8+ Kg7 48.Qe7+ Kh6  1-0

[Event "Karpos Open 2013"]
[Site "Skopje MKD"]
[Date "2013.03.09"]
[Round "1.47"]
[White "Berescu,A"]
[Black "Soilemetzidis,K"]
[Result "1-0"]
[WhiteElo "2477"]
[BlackElo "1947"]

1.e4 g6 2.d4 Bg7 3.Nc3 c5 4.dxc5 Bxc3+ 5.bxc3 Qa5 6.Qd3 b6 7.cxb6 Nf6 8.Bd2 Qe5
9.f3 axb6 10.Qd4 Qc7 11.Bd3 Nc6 12.Qf2 O-O 13.Ne2 d5 14.exd5 Nxd5 15.O-O Ba6
16.f4 e6 17.c4 Nde7 18.Rfb1 Nc8 19.Bc3 N6e7 20.Kh1 Nc6 21.Bf6 Na5 22.Qh4 h5
23.Qg5  1-0

[Event "TCh-FIN SM 2012-13"]
[Site "Helsinki FIN"]
[Date "2013.03.10"]
[Round "14.8"]
[White "Anttila,P"]
[Black "Porrasmaa,T"]
[Result "1-0"]
[WhiteElo "2126"]
[BlackElo "2048"]

1.d4 g6 2.e4 Bg7 3.Nc3 c5 4.d5 d6 5.Nge2 Nf6 6.g3 O-O 7.Bg2 Na6 8.O-O Nc7
9.a4 a6 10.a5 Nb5 11.h3 Qc7 12.Be3 e6 13.dxe6 Bxe6 14.Qd3 Nxc3 15.Nxc3 Rad8
16.Rfd1 Rfe8 17.Kh2 h6 18.f4 Bf8 19.Bf2 Bd7 20.g4 Bc6 21.Bg3 Kh7 22.Qc4 Qe7
23.e5 dxe5 24.Bxc6 bxc6 25.fxe5 Nd7 26.Qxa6 Nxe5 27.Qe2 Bg7 28.Rxd8 Qxd8
29.a6 f5 30.gxf5 gxf5 31.Qf2 Qg5 32.a7 Qh5 33.Kg2 Nc4 34.a8=Q  1-0

[Event "UTD Turner GM Invitational 2013"]
[Site "Richardson USA"]
[Date "2013.03.11"]
[Round "5"]
[White "Adamson,R"]
[Black "Aleskerov,F"]
[Result "1-0"]
[WhiteElo "2291"]
[BlackElo "2409"]

1.e4 g6 2.d4 Bg7 3.Nc3 d5 4.exd5 Nf6 5.Bc4 Nbd7 6.Nf3 Nb6 7.Bb3 Nbxd5 8.Nxd5 Nxd5
9.O-O O-O 10.Re1 e6 11.Bg5 Bf6 12.Bh6 Bg7 13.Qd2 b6 14.c4 Nf6 15.Rad1 Bb7
16.Ne5 Ne4 17.Qe3 Nxf2 18.Qxf2 Bxh6 19.d5 exd5 20.cxd5 Bg7 21.Nxf7 Qf6 22.Qxf6 Bxf6
23.d6 Rxf7 24.dxc7 Kg7 25.Bxf7 Kxf7 26.Rd7+ Kf8 27.Rf1 Ke8 28.Rxh7 Bxb2 29.Re1+ Kf8
30.Rd7 Rc8 31.Rd8+ Kf7 32.Rxc8 Bxc8 33.Rd1 Ke6 34.Rd8 Ba6 35.c8=Q+ Bxc8 36.Rxc8 Kd5
37.Rg8 a5 38.Rxg6 b5 39.Kf1 Kc4 40.Ke2 Kb4 41.Rg3 Be5 42.Rb3+ Kc4 43.h4 b4
44.Kd1 a4 45.Re3 Bc3 46.Kc2 Bf6 47.Re4+  1-0

[Event "TCh-SWE Elite 2012-13"]
[Site "Sweden SWE"]
[Date "2013.03.16"]
[Round "8"]
[White "Cicak,S"]
[Black "Fries Nielsen,JO"]
[Result "1-0"]
[WhiteElo "2572"]
[BlackElo "2365"]

1.e4 g6 2.d4 Bg7 3.Nc3 Nc6 4.Nge2 d6 5.h3 Nf6 6.g4 h5 7.g5 Nd7 8.Be3 e6 9.Qd2 Nb6
10.b3 d5 11.e5 Ne7 12.h4 Nd7 13.Bh3 c5 14.f4 b6 15.Nb5 O-O 16.c3 Ba6 17.a4 Bxb5
18.axb5 Qc7 19.O-O Rfc8 20.Rfc1 c4 21.Ra4 cxb3 22.Qb2 a6 23.Rca1 a5 24.Qxb3 Qd8
25.Ng3 Ra7 26.Nf1 Rac7 27.Bd2 Rc4 28.R4a2 Bf8 29.Ne3 R4c7 30.Rc2 Qe8 31.Rac1 Ra8
32.Qa4 Rac8 33.Bf1 Nf5 34.Nxf5 Rc4 35.Bxc4 Rxc4 36.Qa1 gxf5 37.Ra2 Be7 38.Ra4 Qa8
39.Kh2 Nf8 40.Qa2 Ng6 41.Kg3 Rxa4 42.Qxa4 Bf8 43.Qd1 Qe8 44.Rb1 Qc8 45.Qa4 Qb7
46.Rc1 Qa8 47.Qd1 Qe8 48.Qe2 Qd7 49.Be3 Qe8 50.Rc2 Qd7 51.Bc1 Qe8 52.c4 dxc4
53.Qxc4 Qd8 54.d5 Bc5 55.d6 Qa8 56.Qf1 Qd5 57.Rd2 Qa8 58.Qf3 Qd8 59.Qxh5 Be3
60.Rc2 Nxf4 61.Qf3 Bxc1 62.Qb7  1-0

[Event "29th Spring Festival"]
[Site "Budapest HUN"]
[Date "2013.03.20"]
[Round "3.9"]
[White "Marjanovics,Annamaria"]
[Black "Brustkern,J"]
[Result "0-1"]
[WhiteElo "1921"]
[BlackElo "2237"]

1.e4 g6 2.d4 Bg7 3.Nc3 Nc6 4.Be3 d5 5.e5 Nh6 6.f4 Ng4 7.Bc1 h5 8.Nf3 a6 9.h3 Nh6
10.Be3 Bf5 11.a3 e6 12.Bd3 Bf8 13.O-O Be7 14.Ne2 Qd7 15.b3 O-O-O 16.Bf2 Rdg8
17.b4 Qd8 18.b5 axb5 19.Bxb5 g5 20.fxg5 Bxg5 21.Kh1 Be4 22.Nc3 Nf5 23.Bxc6 bxc6
24.Qe2 Be3 25.Be1 Kd7 26.Nxe4 dxe4 27.Nd2 Bxd2 28.Qxd2 Qg5 29.Qe2 e3 30.c3 h4
31.Qf3 Rb8 32.Qe2 Rb3 33.Qc2 Rhb8 34.Ra2 Rb1 35.Qe2 Qg6 36.a4 Rc1 37.Kg1 Rbb1
38.Ra3 Ng3 39.Bxg3 hxg3  0-1

[Event "44th Marcel Duchamp"]
[Site "Buenos Aires ARG"]
[Date "2013.03.24"]
[Round "3.23"]
[White "Rosito,J"]
[Black "Miranda,Rafael"]
[Result "1-0"]
[WhiteElo "2393"]
[BlackElo "2055"]

1.e4 g6 2.d4 Bg7 3.Nc3 c5 4.d5 d6 5.f4 a6 6.a4 b6 7.Nf3 Bg4 8.h3 Bxf3 9.Qxf3 Nd7
10.Be2 h5 11.O-O Ngf6 12.e5 dxe5 13.f5 e4 14.Nxe4 Ne5 15.Nxf6+ exf6 16.Qb3 g5
17.Bxa6 O-O 18.Bb5 Qd6 19.Be3 Rfd8 20.Rad1 Bf8 21.Qc3 Be7 22.Qd2 Kg7 23.Qf2 Rh8
24.b4 cxb4 25.Bxb6 h4 26.Be3 Rab8 27.Rd2 Qc7 28.Bxg5 Rxb5 29.axb5 Bc5 30.Be3 Bxe3
31.Qxe3 Nc4 32.d6 Qd8 33.Qd4 Nxd2 34.Qxd2 Qb6+ 35.Kh2 Qxb5 36.Rf4  1-0

[Event "6th Montalvo Open"]
[Site "Las Palmas ESP"]
[Date "2013.03.25"]
[Round "1.8"]
[White "Julien Casteleiro,Ariel"]
[Black "Strebkovs,A"]
[Result "1-0"]
[WhiteElo "1586"]
[BlackElo "2331"]

1.e4 g6 2.d4 Bg7 3.Nc3 a6 4.Nf3 b5 5.Bd3 Bb7 6.Bg5 d6 7.O-O Nd7 8.Re1 c5
9.d5 b4 10.Na4 Ngf6 11.Rc1 O-O 12.c4 Qc7 13.Qd2 e6 14.b3 Rfe8 15.Bh6 Ng4
16.Bxg7 Kxg7 17.h3 Nge5 18.Nxe5 dxe5 19.Nb2 f5 20.Nd1 Nf6 21.f3 fxe4 22.fxe4 Nh5
23.Ne3 Nf4 24.Rf1 Qe7 25.Rf3 Qg5 26.Rcf1 a5 27.Kh2 Bc8 28.d6 Bd7 29.Bb1 Rf8
30.Qb2 Nh5 31.Ng4 Rxf3 32.Rxf3 Rf8 33.Qxe5+ Qxe5+ 34.Nxe5 Rxf3 35.gxf3 Nf6
36.Nd3 Kf7 37.Nxc5 e5 38.Nb7 a4 39.Bd3 axb3 40.axb3 Ke6 41.c5 Bc6 42.Na5 Kd7
43.Ba6 Ba8 44.Nc4 Kc6 45.Nxe5+ Kxc5 46.d7  1-0

[Event "44th Marcel Duchamp"]
[Site "Buenos Aires ARG"]
[Date "2013.03.27"]
[Round "6.15"]
[White "Cejas,J"]
[Black "Martinez de Negri,G"]
[Result "1/2-1/2"]
[WhiteElo "2361"]
[BlackElo "2153"]

1.e4 g6 2.d4 Bg7 3.Nc3 Nc6 4.Be3 d5 5.Nxd5 e6 6.Nc3 Nxd4 7.Bc4 Ne7 8.Nge2 Nec6
9.O-O a6 10.a4 O-O 11.Qd2 e5 12.Nd5 Be6 13.c3 Nxe2+ 14.Qxe2 Rc8 15.b4 Re8
16.Rad1 Qh4 17.f3 Ne7 18.Bf2 Qg5 19.Ne3 Bxc4 20.Qxc4 Nc6 21.Rd7 Qf6 22.Rfd1 Bf8
23.Ng4 Qe6 24.Qxe6 Rxe6 25.b5 axb5 26.axb5 Na5 27.Rd8 Rxd8 28.Rxd8 Rd6 29.Bh4 Rxd8
30.Bxd8 Bd6 31.Nf6+ Kf8 32.Nxh7+ Kg8 33.Bg5 Nc4 34.Nf6+ Kf8 35.Nd5 Na3 36.Kf1 Nxb5
37.Bd2 Na3 38.Ke2 Nc4 39.Bh6+ Ke8 40.g4 c6 41.Nf6+ Ke7 42.Bg7 Ke6 43.Kd3 Nb2+
44.Kc2 Nc4 45.Ne8 Be7 46.Bh6 Bh4 47.Kb3 Nb6 48.Be3 Nd7 49.c4 Ke7 50.Nc7 Kd6
51.Ne8+ Ke7 52.Nc7 Kd6 53.Ne8+ Ke7  1/2-1/2

[Event "6th Montalvo Open"]
[Site "Las Palmas ESP"]
[Date "2013.03.29"]
[Round "6.2"]
[White "Brochet,P"]
[Black "Robin,S"]
[Result "1/2-1/2"]
[WhiteElo "2396"]
[BlackElo "2254"]

1.d4 g6 2.e4 Bg7 3.Nc3 c5 4.Be3 Qa5 5.Nf3 Nf6 6.e5 Ng4 7.Nd2 Nxe3 8.fxe3 O-O
9.Nb3 Qd8 10.Nxc5 d6 11.N5e4 dxe5 12.dxe5 Nc6 13.Bc4 Qb6 14.Qe2 Nxe5 15.Bb3 Bg4
16.Nd5 Qa5+ 17.Qd2 Qxd2+ 18.Nxd2 Nc6 19.h3  1/2-1/2

[Event "VII New Open"]
[Site "Lugano SUI"]
[Date "2013.03.30"]
[Round "2.16"]
[White "De Rosa,M"]
[Black "Schneider,Ant"]
[Result "1-0"]
[WhiteElo "2063"]
[BlackElo "1871"]

1.e4 g6 2.d4 Bg7 3.Nc3 c5 4.d5 a6 5.a4 d6 6.Nf3 Nd7 7.Nd2 Nh6 8.Nc4 Nb6 9.a5 Nxc4
10.Bxc4 Ng4 11.h3 Ne5 12.Be2 f5 13.f4 Nf7 14.Be3 O-O 15.exf5 Bxf5 16.O-O b5
17.axb6 Qxb6 18.Na4 Qb7 19.Bf3 Bd7 20.c4 Bxa4 21.Qxa4 Qxb2 22.Rab1 Qc3 23.Rb3 Qf6
24.Bg4 Kh8 25.Rfb1 Nh6 26.Bd7 Nf5 27.Bc1 Nd4 28.R3b2 Qh4 29.Rf2 g5 30.f5 Bf6
31.Rb6 g4 32.Qa3 Be5 33.Qe3 g3 34.Rf1 Nc2 35.Qg5 Qd4+ 36.Kh1 Qxc4 37.Rd1 Qe2
38.Rg1 Qe4 39.Qxe7 Nb4 40.Be6 Nxd5 41.Bxd5 Qxd5 42.Qb7 Qg8 43.Bh6 Rxf5 44.Re1 Bg7
45.Bxg7+  1-0

[Event "ch-WLS 2013"]
[Site "Cardiff WLS"]
[Date "2013.03.31"]
[Round "5.8"]
[White "Hewitt,B"]
[Black "Kelly,Paul J"]
[Result "1-0"]
[WhiteElo "2074"]
[BlackElo "1927"]

1.e4 g6 2.d4 Bg7 3.Nc3 c5 4.Nf3 cxd4 5.Nxd4 Qb6 6.Ndb5 Na6 7.Be3 Bxc3+ 8.bxc3 Qa5
9.Qd4 f6 10.Qd5 Kf8 11.Bc4 e6 12.Qd6+ Kf7 13.O-O Ne7 14.f4 f5 15.Qe5 Qd8
16.Nd6+ Kg8 17.Bd4  1-0

[Event "O2C Doeberl Cup Premier 2013"]
[Site "Canberra AUS"]
[Date "2013.04.01"]
[Round "9.4"]
[White "Horvath,Ad1"]
[Black "Czebe,A"]
[Result "1-0"]
[WhiteElo "2509"]
[BlackElo "2492"]

1.e4 g6 2.d4 Bg7 3.Nc3 a6 4.h4 h6 5.f4 h5 6.Be2 d6 7.Nh3 Nd7 8.Be3 Ndf6 9.Qd2 Nh6
10.O-O-O Nfg4 11.Bg1 c6 12.Bf3 O-O 13.Kb1 Bd7 14.f5 gxf5 15.Nf4 fxe4 16.Nxe4 Bf5
17.Nxh5 f6 18.Be3 Qe8 19.Nxg7 Kxg7 20.Bxh6+ Nxh6 21.Nf2 Bh7 22.g4 Ng8 23.Be4 f5
24.Bxf5 Bxf5 25.gxf5 Rxf5 26.Ne4 Kh8 27.Rhg1 Qf8 28.Ng5 Qf6 29.Qe2 Rf8 30.Rde1 Rf2
31.Qh5+ Qh6 32.Nf7+ R2xf7 33.Rxg8+ Kh7 34.Rh8+ Rxh8 35.Qxf7+ Qg7 36.Qf5+ Kg8
37.Qc8+  1-0

[Event "Asian Juniors 2013"]
[Site "Sharjah UAE"]
[Date "2013.04.06"]
[Round "7.2"]
[White "Grover,S"]
[Black "Iyti,B"]
[Result "1-0"]
[WhiteElo "2467"]
[BlackElo "2292"]

1.e4 g6 2.d4 Bg7 3.Nc3 d5 4.exd5 Nf6 5.Bb5+ Nbd7 6.Nf3 O-O 7.Bxd7 Nxd7 8.O-O Nb6
9.Bf4 Bf5 10.Re1 Re8 11.Nh4 Bc8 12.Nf3 Bf5 13.Rc1 Nxd5 14.Nxd5 Qxd5 15.c4 Qa5
16.Qb3 Qb6 17.Qxb6 cxb6 18.h3 Kf8 19.b3 Red8 20.Bg5 Bf6 21.Bxf6 exf6 22.Re3 Re8
23.d5 Rxe3 24.fxe3 Re8 25.Kf2 Ke7 26.g4 Bd7 27.e4 Kd6 28.Ke3 h5 29.gxh5 Bxh3
30.Rh1 Bf5 31.Nd2 gxh5 32.Rf1 Bg6 33.Rxf6+ Ke5 34.Rf4 f5 35.Nf3+ Kd6 36.e5+ Kc5
37.e6 b5 38.Ne5 bxc4 39.bxc4 Bh7 40.Rh4 b5 41.Rxh5 bxc4 42.Nd7+ Kb4 43.Rxh7 c3
44.Kd3 f4 45.Rf7 Rc8 46.Rxf4+ Ka3 47.Rf2 a5 48.e7 a4 49.d6 Rh8 50.Ne5 c2
51.Kxc2 Rc8+ 52.Kd1 Rc6 53.Rf3+  1-0

[Event "FSIM April 2013"]
[Site "Budapest HUN"]
[Date "2013.04.09"]
[Round "4.6"]
[White "Balint,Vi"]
[Black "Krumpacnik,D"]
[Result "0-1"]
[WhiteElo "2212"]
[BlackElo "2338"]

1.e4 Nc6 2.Nc3 g6 3.d4 Bg7 4.d5 Nb8 5.Be3 d6 6.Bd3 Nf6 7.h3 e6 8.dxe6 Bxe6
9.Nge2 Nc6 10.f4 O-O 11.g4 d5 12.e5 d4 13.exf6 Bxf6 14.Bf2 dxc3 15.bxc3 Qd5
16.O-O Rad8 17.Rb1 b6 18.Qe1 Bc8 19.Bh4 Bxh4 20.Qxh4 Bb7 21.Rb5 Qe6 22.Rf2 Ba6
23.f5 Qe3 24.f6 Bxb5 25.Nf4 Rd6 26.Bxb5 Ne5 27.Be2 h6 28.g5 hxg5 29.Qxg5 Nd7
30.Qh4 Nxf6 31.Ng2 Qe5 32.Bd3 Kg7 33.Re2 Qxc3 34.Ne3 Qd4 35.Qf2 Re8 36.Kh1 c5
37.Qg3 Kf8 38.Qg5 Re5 39.Qh6+ Ke7 40.c3 Qxd3  0-1

[Event "23rd ch-SLO 2013"]
[Site "Sentjur SLO"]
[Date "2013.04.12"]
[Round "8.26"]
[White "Brinovec,David"]
[Black "Kodric,Tilen"]
[Result "1-0"]
[WhiteElo "1836"]
[BlackElo "1544"]

1.e4 g6 2.d4 Bg7 3.Nc3 c5 4.Nf3 cxd4 5.Nxd4 Nc6 6.Nxc6 bxc6 7.Bc4 d6 8.O-O Nf6
9.h3 O-O 10.Bg5 h6 11.Bh4 Nd7 12.Kh1 Nb6 13.Be2 Be6 14.f4 Nc4 15.Bxc4 Bxc4
16.Rf3 f6 17.Qd4 Bf7 18.Qe3 Qb6 19.Qd2 f5 20.exf5 Qxb2 21.Re1 Bxc3 22.Rxc3 Bxa2
23.Rxe7 Rxf5 24.Qxd6 Qc1+ 25.Re1 Qxf4 26.Qxg6+ Kh8 27.Bg3 Qg5 28.Qxc6 Raf8
29.Qe4 Bd5 30.Be5+  1-0

[Event "10th Balagne Rapid Open"]
[Site "Calvi FRA"]
[Date "2013.04.13"]
[Round "3"]
[White "Utrera,L"]
[Black "Bacrot,E"]
[Result "0-1"]
[WhiteElo "2012"]
[BlackElo "2705"]

1.e4 g6 2.d4 Bg7 3.Nc3 a6 4.Be3 b5 5.f3 d6 6.Qd2 Nd7 7.h4 Ngf6 8.Bh6 Bxh6
9.Qxh6 c5 10.dxc5 Nxc5 11.O-O-O Qa5 12.Kb1 Be6 13.Nh3 Rc8 14.Nf4 Na4 15.Nxa4 Bxa2+
16.Kc1 Qxa4 17.Bd3 Bb3 18.Kd2 Bxc2 19.Rc1 Qb4+ 20.Ke3 Qb3 21.Rhd1 Kd7 22.Rd2 Bxd3
23.Rxd3 Qxb2 24.Rcd1 Rc1 25.R1d2 Qe5 26.Kf2 Rhc8 27.Nd5 Nxd5 28.Rxd5 Qe6
29.Qxh7 R1c2 30.g4 Rxd2+ 31.Rxd2 Qf6 32.Qh6 Rc3 33.f4 Qe6  0-1

[Event "TCh-CZE Extraliga 2012-13"]
[Site "Czech Republic CZE"]
[Date "2013.04.26"]
[Round "9.7"]
[White "Vlasak,Lu"]
[Black "Brodowski,P"]
[Result "0-1"]
[WhiteElo "2330"]
[BlackElo "2422"]

1.e4 g6 2.d4 Bg7 3.Nc3 c5 4.Nf3 cxd4 5.Nxd4 Nc6 6.Nb3 Nf6 7.Be2 O-O 8.O-O d6
9.Kh1 a6 10.f4 b5 11.Bf3 Bb7 12.Be3 Nd7 13.Qd2 Rc8 14.Rab1 Nb4 15.a3 Nc6
16.Nd5 a5 17.Be2 a4 18.Nc1 Nc5 19.Bxb5 Nxe4 20.Qd3 Nc5 21.Bxc5 dxc5 22.Bxa4 Nd4
23.Ne3 Qa5 24.Bb3 Rfd8 25.Nc4 Qa6 26.Ne3 Qa8 27.Qc4 e6 28.Qa4 Qb8 29.Bc4 Qc7
30.c3 Nf3 31.gxf3 Qxf4 32.Ng2 Bxf3 33.Rxf3 Qxf3 34.Nd3 Rxd3 35.Bxd3 Qxd3
36.Rd1 Qe2 37.Qd7 Rb8 38.b4 Bxc3 39.bxc5 Rb2 40.Rg1 Be5  0-1

[Event "48th Capablanca Open I 2013"]
[Site "Havana CUB"]
[Date "2013.04.28"]
[Round "7.27"]
[White "Ruiz Sanchez,O"]
[Black "Miranda Rodriguez,T"]
[Result "0-1"]
[WhiteElo "2366"]
[BlackElo "2131"]

1.e4 c5 2.Nc3 g6 3.d4 Bg7 4.dxc5 Bxc3+ 5.bxc3 Qa5 6.Bd2 Qxc5 7.Bd3 Nc6 8.Nf3 d5
9.exd5 Qxd5 10.O-O Bf5 11.c4 Qd7 12.Bc3 f6 13.Qe2 O-O-O 14.Rfd1 Nh6 15.Rab1 e5
16.Be4 Qc7 17.Bd5 Rhe8 18.Rb5 e4 19.Nd4 Bg4 20.Qe1 Bxd1 21.Qxd1 e3 22.Ne6 exf2+
23.Kxf2 Qxh2 24.Nxd8 Qf4+ 25.Kg1 Ng4 26.Be6+ Rxe6 27.Nxe6 Qe3+  0-1

[Event "Nakhchivan Open A 2013"]
[Site "Nakhchivan AZE"]
[Date "2013.04.28"]
[Round "6.24"]
[White "Umudova,N"]
[Black "Aleskerov,F"]
[Result "1/2-1/2"]
[WhiteElo "2233"]
[BlackElo "2384"]

1.e4 g6 2.d4 Bg7 3.Nc3 d5 4.exd5 Nf6 5.Bc4 Nbd7 6.Bb3 Nb6 7.Qf3 O-O 8.h3 Bd7
9.Nge2 c6 10.O-O cxd5 11.Nxd5 Nbxd5 12.Bxd5 Nxd5 13.Qxd5 Bf5 14.Qxd8 Rfxd8
15.c3 e5 16.Bg5 Re8 17.Rfd1 a5 18.a4 Rac8 19.d5 Bf8 20.Be3 Bc5 21.Rac1 Red8
22.Bxc5 Rxc5 23.c4 Rd6 24.b3 Kf8 25.Nc3 Rb6 26.Nb5 Bd7 27.Re1 f6 28.Ra1 Rc8
29.Ra2 Ra6 30.f3 Bxb5 31.axb5 Raa8 32.Ra4 b6 33.Kf2 Ke7 34.Ke3 Kd6 35.Kd3 Kc5
36.Rea1 Rab8 37.Kc3 Rb7 38.b4+ axb4+ 39.Rxb4 e4 40.f4 e3 41.d6 Kxd6 42.Rd1+ Ke6
43.Re1 Kf5 44.Rxe3 Kxf4 45.Rd3 Kg5 46.Ra4 f5 47.g3 Rc5 48.Rd4 Re7 49.Ra6 Re6
50.Rd7 h6 51.Rd4 Kh5 52.Kd3 Rce5 53.Kc3 Rc5 54.Rh4+ Kg5 55.Rd4  1/2-1/2

[Event "Llucmajor Open 2013"]
[Site "Llucmajor ESP"]
[Date "2013.05.02"]
[Round "6.6"]
[White "Alonso Moyano,J"]
[Black "Zaragatski,I"]
[Result "1/2-1/2"]
[WhiteElo "2409"]
[BlackElo "2469"]

1.e4 g6 2.d4 Bg7 3.Nc3 c5 4.Be3 cxd4 5.Bxd4 Nf6 6.Nd5 O-O 7.Bxf6 exf6 8.Qf3 f5
9.O-O-O fxe4 10.Qxe4 Nc6 11.Nf3 d6 12.Qh4 Qxh4 13.Nxh4 Bg4 14.Nf3 Nd4 15.Rxd4 Bxf3  1/2-1/2

[Event "Glenco IM 2013"]
[Site "Fredericia DEN"]
[Date "2013.05.03"]
[Round "5.3"]
[White "Westerinen,H"]
[Black "Haub,TM"]
[Result "1/2-1/2"]
[WhiteElo "2335"]
[BlackElo "2462"]

1.e4 g6 2.d4 Bg7 3.Nc3 a6 4.a4 b6 5.f4 d6 6.Nf3 e6 7.Bc4 Ne7 8.d5 exd5 9.Nxd5 O-O
10.O-O c6 11.Ne3 Bb7 12.Bb3 c5 13.f5 gxf5 14.exf5 Nd7 15.Qxd6 Bxf3 16.gxf3 Ne5
17.Qxd8 Rfxd8 18.f4 N5c6 19.c3 b5 20.axb5 axb5 21.Rxa8 Rxa8 22.Kf2 b4 23.Rg1 Kf8
24.Bd2 bxc3 25.bxc3 Ra3 26.Rb1 h5 27.Nc4 Ra6 28.Ne3 Ra3 29.Nc4 Ra6  1/2-1/2

[Event "14th Euro Indiv 2013"]
[Site "Legnica POL"]
[Date "2013.05.11"]
[Round "7.113"]
[White "Hnydiuk,A"]
[Black "Gaehwiler,G"]
[Result "1-0"]
[WhiteElo "2409"]
[BlackElo "2288"]

1.d4 g6 2.e4 Bg7 3.Nc3 c5 4.dxc5 Qa5 5.Bd2 Qxc5 6.Nd5 Na6 7.Be3 Qa5+ 8.Qd2 Qxd2+
9.Bxd2 Nf6 10.Bc3 Nxd5 11.Bxg7 Rg8 12.exd5 Rxg7 13.Bxa6 bxa6 14.O-O-O Bb7
15.Ne2 e6 16.Nc3 Rc8 17.Rhe1 Ke7 18.Rd4 Rc5 19.f4 Rg8 20.Red1 Rd8 21.g4 d6
22.g5 Rc7 23.R1d3 Ba8 24.h4 Bb7 25.h5 Rc5 26.h6 Ba8 27.Ne4 Rxd5 28.Rxd5 Bxd5
29.Nf6 Bb7 30.Nxh7 Be4 31.Rc3 e5 32.fxe5 dxe5 33.Re3  1-0

[Event "14th Euro Indiv 2013"]
[Site "Legnica POL"]
[Date "2013.05.13"]
[Round "8.92"]
[White "Petrisor,A"]
[Black "Simacek,P"]
[Result "1-0"]
[WhiteElo "2378"]
[BlackElo "2498"]

1.d4 g6 2.e4 Bg7 3.Nc3 c5 4.dxc5 Qa5 5.Bd2 Qxc5 6.Nd5 Na6 7.Nf3 e6 8.Bc3 Bxc3+
9.Nxc3 Ne7 10.Qd2 Nc7 11.e5 f5 12.exf6 Ned5 13.Ne4 Qb4 14.Qxb4 Nxb4 15.Nd6+ Kf8
16.O-O-O Ne8 17.Nxc8 Rxc8 18.Rxd7 Rxc2+ 19.Kb1 Rc7 20.Rxc7 Nxc7 21.g4 Nc6
22.Bc4 Nd5 23.Bxd5 exd5 24.Rd1 Kf7 25.Rxd5 Ke6 26.Rd1 h5 27.g5 Kf5 28.Re1 Rd8
29.a3 a5 30.Kc2 a4 31.Re3 Kf4 32.h4 Kg4 33.Rc3 Rd5 34.f7 Rf5 35.Nh2+ Kxh4
36.Rf3 Rc5+ 37.Kd2 Rd5+ 38.Ke1  1-0

[Event "FSGM May 2013"]
[Site "Budapest HUN"]
[Date "2013.05.14"]
[Round "14.2"]
[White "Papp,Petra"]
[Black "Chernyshov,K"]
[Result "0-1"]
[WhiteElo "2307"]
[BlackElo "2518"]

1.e4 g6 2.d4 Bg7 3.Nc3 a6 4.f4 b5 5.Nf3 b4 6.Nb1 Bb7 7.Bd3 d6 8.O-O Nd7 9.c3 c5
10.Qe2 Qb6 11.Nbd2 cxd4 12.Nc4 Qc7 13.cxd4 d5 14.Nce5 dxe4 15.Bxe4 Ngf6 16.Bd3 O-O
17.f5 Nxe5 18.dxe5 Ng4 19.e6 Kh8 20.Kh1 fxe6 21.h3 exf5 22.hxg4 fxg4 23.Nh2 g3
24.Nf3 Qc5 25.Ng5 Qd4 26.Nh3 Rxf1+ 27.Qxf1 Qh4 28.Bf5 gxf5 29.Qxf5 Rf8 30.Bg5 Qc4
31.Qd7 Bc8 32.Qxe7 Bxh3 33.gxh3 Qc2  0-1

[Event "14th Euro Indiv 2013"]
[Site "Legnica POL"]
[Date "2013.05.16"]
[Round "11.69"]
[White "Djukic,Ni"]
[Black "Skytte,R"]
[Result "1-0"]
[WhiteElo "2555"]
[BlackElo "2426"]

1.e4 g6 2.d4 Bg7 3.Nc3 a6 4.h4 h5 5.Bg5 d6 6.Qd2 Nc6 7.Nge2 Nf6 8.f3 b5 9.Rc1 Bd7
10.Qe3 Na5 11.b3 b4 12.Nd5 c6 13.Nxb4 Qb8 14.Nd3 Nb7 15.Nc3 a5 16.e5 Nd5
17.Nxd5 cxd5 18.Nf4 e6 19.Bd3 dxe5 20.dxe5 d4 21.Qxd4 Bxe5 22.Qe3 a4 23.Nxg6 Bg7
24.Be4 axb3 25.Qxb3 Nc5 26.Qxb8+ Rxb8 27.Nxh8 Bxh8 28.Be3 Bb2 29.Kd2 Na4
30.Ba7 Rc8 31.Rb1 Bb5 32.Bd3 Rd8 33.Ke3 Bxd3 34.cxd3 Rd7 35.Bc5 Rd5 36.d4 e5
37.Rxb2 Nxb2 38.Ke4 Rd8 39.dxe5 Nd3 40.Bd4  1-0